书目信息 |
| 题名: |
摄影的形式与装饰
|
|
| 作者: | 张禾金 编 | |
| 分册: | ||
| 出版信息: | 北京 清华大学出版社 2007.09 |
|
| 页数: | 207页 | |
| 开本: | 28cm | |
| 丛书名: | ||
| 单 册: | ||
| 中图分类: | J41 | |
| 科图分类: | ||
| 主题词: | 摄影艺术--she ying yi shu | |
| 电子资源: | ||
| ISBN: | 978-7-302-15543-0 | |
| 000 | 00871nam 2200229 450 | |
| 005 | 20081009150252.68 | |
| 010 | @a978-7-302-15543-0@dCNY58.00 | |
| 100 | @a20050701d2007 ekmy0chiy0121 ea | |
| 101 | @achi | |
| 102 | @aCN@b110000 | |
| 105 | @aa z 000yy | |
| 200 | 1 | @a摄影的形式与装饰@Ashe ying de xing shi yu zhuang shi@d= Form and decoration of photography@f张禾金编@zeng |
| 210 | @a北京@c清华大学出版社@d2007.09 | |
| 215 | @a207页@c图@d28cm | |
| 330 | @a本书是笔者长期在国内外从事装饰艺术活动的积累与浓缩,是目前国内尚不多见的旨在强化摄影的形式规律,提高摄影的艺术魅力,突现摄影的装饰意味,扩充摄影者的专业素质为主要目的的书籍。 | |
| 510 | 1 | @aForm and decoration of photography@zeng |
| 606 | 0 | @a摄影艺术@Ashe ying yi shu |
| 690 | @aJ41@v4 | |
| 701 | 0 | @a张禾金@Azhang he jin@4编 |
| 801 | @aCN@bRTZL@c20081009 | |
| 905 | @aZUCC@dJ41@eZ1101 | |
| 999 | @aCYP | |
| 摄影的形式与装饰= Form and decoration of photography/张禾金编.-北京:清华大学出版社,2007.09 |
| 207页:图;28cm |
| ISBN 978-7-302-15543-0:CNY58.00 |
| 本书是笔者长期在国内外从事装饰艺术活动的积累与浓缩,是目前国内尚不多见的旨在强化摄影的形式规律,提高摄影的艺术魅力,突现摄影的装饰意味,扩充摄影者的专业素质为主要目的的书籍。 |
| ● |
| 相关链接 |
|
|
|
正题名:摄影的形式与装饰
索取号:J41/Z1101
 
预约/预借
| 序号 | 登录号 | 条形码 | 馆藏地/架位号 | 状态 | 备注 |
| 1 | 841319 | 208413199 | 自科二线404/309社科库 83排3列6层/ [索取号:J41/Z1101] | 在馆 | |
| 2 | 841320 | 208413206 | 自科二线404/309社科库 83排3列6层/ [索取号:J41/Z1101] | 在馆 | |
| 3 | 841321 | 208413215 | 自科二线404/309社科库 83排3列6层/ [索取号:J41/Z1101] | 在馆 |